Practical studies in Revelation; Vol. 1. (Record no. 6157)

000 -LEADER
fixed length control field 00677nam a2200193 a 4500
001 - CONTROL NUMBER
control field :::00003900$&:&@@
003 - CONTROL NUMBER IDENTIFIER
control field OkBaRHE
005 - DATE AND TIME OF LATEST TRANSACTION
control field 20010405105308.0
008 - FIXED-LENGTH DATA ELEMENTS--GENERAL INFORMATION
fixed length control field s1973 j 000 0 eng u
040 ## - CATALOGING SOURCE
Transcribing agency
100 1# - MAIN ENTRY--PERSONAL NAME
Personal name Epp, Theodore H.
245 10 - TITLE STATEMENT
Title Practical studies in Revelation; Vol. 1.
260 ## - PUBLICATION, DISTRIBUTION, ETC. (IMPRINT)
Place of publication, distribution, etc Lincoln, NE., :
Name of publisher, distributor, etc Back to the Bible Broadcast
Date of publication, distribution, etc 1973
300 ## - PHYSICAL DESCRIPTION
Extent illus. ;
Dimensions 22 cm.
650 ## - SUBJECT ADDED ENTRY--TOPICAL TERM
Topical term or geographic name as entry element Bible New Testament Revelation
General subdivision Study
942 ## - ADDED ENTRY ELEMENTS (KOHA)
Source of classification or shelving scheme
Koha item type Books
Copies
Barcode Date last seen Koha item type Lost status Permanent Location Not for loan Full call number Date acquired Withdrawn status Copy number Price effective from Shelving location Source of classification or shelving scheme Damaged status
39002018-04-03Books RHEMA Bible Training College BS 2825 .E632010-04-14 12010-04-14General Stacks  
194192018-04-03Books RHEMA Bible Training College BS 2825 .E632010-04-14 22010-04-14General Stacks